000 00892nam a22003017a 4500
001 000572
003 DO-SdBNP
005 20180205152729.0
007 000572
008 161019b 2003 sp a ||||| |||| 00| 0 spa d
020 _a8420466077
040 _aBPMSU
_bspa
_cBPMSU
041 1 7 _aspa
_dfre
082 _axxxxxx
100 1 _aSempé, Jean-Jaques,
_d1932-
240 _aLes vacances du petit Nicolas.
_lEspañol
245 1 0 _aLas vacaciones del pequeño Nicolás /
_cSempe, Goscinny ; [traducción, Esther Benítez.
260 _aMadrid :
_bAlfaguara,
_c2003.
300 _a147 p. :
_bil.
_c20 cm.
490 1 _aAlfaguay
500 _aLes vacances du petit Nicolas.
700 1 _aGoscinny, René,
_d1926-1977.
700 1 _aGoscinny
830 0 _aAlfaguay
942 _2ddc
_cBK
945 _aInventariado, 2018 / BT
956 _2LOPEREZ
_310
_620161019
_8BPMSU
_a00041
999 _c11608
_d11608